| 000 | 02690cam a22004458i 4500 | ||
|---|---|---|---|
| 005 | 20260322212052.0 | ||
| 008 | data | ||
| 010 | _a 2013027676 | ||
| 020 | _a9781250047595 (hardback) | ||
| 020 | _z9781250047588 (e-book) | ||
| 020 | _a1250047595 | ||
| 040 |
_aDLC _beng _cDLC _erda |
||
| 042 | _apcc | ||
| 043 | _ae-uk-en | ||
| 050 | 0 | 0 |
_aPR6056.A89 _bJ44 2013 |
| 082 | 0 | 0 |
_a823/.914 _223 |
| 084 |
_aFIC014000 _aFIC014000 _2bisacsh |
||
| 099 | _aFAULKS | ||
| 100 | 1 | _aFaulks, Sebastian. | |
| 245 | 1 | 0 |
_aJeeves and the wedding bells / _cSebastian Faulks. |
| 260 |
_aNew York : _bSt. Martin's Press, _c2013 |
||
| 263 | _a1311 | ||
| 264 | 1 |
_aNew York : _bSt. Martin's Press, _c2013. |
|
| 300 |
_a243 p. _bcm. |
||
| 336 |
_atext _2rdacontent |
||
| 337 |
_aunmediated _2rdamedia |
||
| 338 |
_avolume _2rdacarrier |
||
| 520 |
_a"Bertie Wooster (a young man about town) and his butler Jeeves (the very model of the modern manservant)--return in their first new novel in nearly forty years: Jeeves and the Wedding Bells by Sebastian Faulks. P.G. Wodehouse documented the lives of the inimitable Jeeves and Wooster for nearly sixty years, from their first appearance in 1915 ("Extricating Young Gussie") to the his final completed novel (Aunts Aren't Gentlemen) in 1974. These two were the finest creations of a novelist widely proclaimed to be the finest comic English writer by critics and fans alike. With the approval of the Wodehouse estate, acclaimed novelist Sebastian Faulks brings Bertie and Jeeves back to life in a hilarious affair of mix-ups and mishaps. Bertie, nursing a bit of heartbreak over the recent engagement of one Georgiana Meadowes to someone not named Wooster, agrees to "help" his old friend Peregrine "Woody" Beeching, whose own romance is foundering. Almost immediately, things go awry and the simple plan quickly becomes complicated. Jeeves ends up having to impersonate one Lord Etringham, while Bertie plays the part of Jeeves' manservant "Wilberforce"--and this all happens under the same roof as the now affianced Ms. Meadowes. From there the plot becomes even more hilarious and convoluted, in a brilliantly conceived, seamlessly written comic work worthy of the master himself"-- _cProvided by publisher. |
||
| 650 | 0 |
_aWooster, Bertie (Fictitious character) _vFiction. |
|
| 650 | 0 |
_aJeeves (Fictitious character) _vFiction. |
|
| 650 | 0 |
_aWeddings _vFiction. |
|
| 650 | 0 |
_aValets _vFiction. |
|
| 650 | 0 |
_aSingle men _vFiction. |
|
| 650 | 7 |
_aFICTION / Humorous. _2bisacsh |
|
| 650 | 7 |
_aFICTION / Historical. _2bisacsh |
|
| 651 | 0 |
_aEngland _vFiction. |
|
| 655 | 7 |
_aHumorous fiction. _2gsafd |
|
| 655 | 7 |
_aHistorical fiction. _2gsafd |
|
| 001 | data | ||
| 999 |
_c1245 _d1245 |
||